| 000 | 00621nam a2200217Ia 4500 | ||
|---|---|---|---|
| 008 | 191130s2016##################000#0#eng## | ||
| 020 | _a9781292079578 | ||
| 040 |
_aACL _cACL |
||
| 082 | _a338.5 ACE | ||
| 100 | _aAcemoglu, Daron | ||
| 245 |
_aMicroeconomics _cDaron Acemoglu, David Laibson, John A list |
||
| 250 | _aglobal ed | ||
| 260 |
_aUpper Saddle River, NJ _bPearson Education _c2016 |
||
| 300 | _a483p. : ill. ; 28 cm | ||
| 650 | _aMicroeconomics | ||
| 700 | _aLaibson, David | ||
| 700 | _aList, John A | ||
| 990 | _a9e50b1afac100b461465f242102105d8 | ||
| 991 | _a452323 | ||
| 999 |
_c379900 _d379900 |
||